000 00379nab a22001097u 4500
008 130520b1961 xxu||||| |||| 00| 0 spa d
041 _aspa
100 1 _aCunningham, Francis A.
_950336
245 0 0 _aSpeculative Grammar in St. Thomas Aquinass
_cFrancis A. Cunningham
773 0 _tLaval Théologique et Philosophique
_gV.17, nº1,1961,págs. 76-86
_x0023-9054
_wRev251
942 _cAR
999 _c395780
_d395780